[Event "LYM - Open Maîtres"]
[Site "Lausanne - Casino de Montbenon"]
[Date "1999.05.13"]
[Round "2"]
[White "Meijers, Viesturs"]
[Black "Kengis, Edvins"]
[Result "1/2-1/2"]
[WhiteElo "2418"]
[BlackElo "2571"]
[PlyCount "80"]
[EventDate "2006.09.01"]
[SourceDate "2006.09.02"]

1. e4 c5 2. Nf3 e6 3. d4 cxd4 4. Nxd4 a6 5. c4 Qc7 6. Bd3 Nc6 7. Nf3 Bc5 8. O-O
d6 9. Nc3 Nge7 10. Bf4 Ng6 11. Bg3 Nce5 12. a3 O-O 13. b4 Nxf3+ 14. Qxf3 Bd4
15. Rac1 Bd7 16. Rfd1 Be5 17. Qe3 Bxg3 18. Qxg3 Rfd8 19. h4 Ne5 20. Be2 Be8 21.
Qe3 Rac8 22. f4 Nxc4 23. Bxc4 Qxc4 24. Nd5 exd5 25. Rxc4 dxc4 26. Qc3 b5 27. f5
f6 28. g4 Bc6 29. Re1 Re8 30. Qd4 c3 31. Qxc3 Bxe4 32. Qd4 d5 33. g5 Rf8 34.
Qb6 fxg5 35. Qe6+ Kh8 36. hxg5 Rc2 37. Rxe4 dxe4 38. Qe7 Rfc8 39. f6 gxf6 40.
Qxf6+ Kg8 1/2-1/2

[Event "LYM - Open Maîtres"]
[Site "Lausanne - Casino de Montbenon"]
[Date "1999.05.13"]
[Round "2"]
[White "Siegel, Georg"]
[Black "Du Bois, Yves"]
[Result "1-0"]
[WhiteElo "2483"]
[BlackElo "2061"]
[PlyCount "61"]
[EventDate "2006.09.01"]
[SourceDate "2006.09.02"]

1. d4 Nf6 2. c4 g6 3. Nc3 d5 4. Nf3 Bg7 5. Qa4+ Bd7 6. Qb3 dxc4 7. Qxc4 O-O 8.
e4 b5 9. Nxb5 Nxe4 10. Qxc7 Bxb5 11. Qxd8 Rxd8 12. Bxb5 Nd6 13. Bd3 Nc6 14. Be3
Nb4 15. Ke2 Nxd3 16. Kxd3 Nf5 17. Rac1 e5 18. Rc7 exd4 19. Bf4 h6 20. Re1 g5
21. Bd2 Re8 22. Rxe8+ Rxe8 23. Rxa7 g4 24. Ne1 Nd6 25. f3 gxf3 26. gxf3 Nf5 27.
a4 Ne3 28. a5 Nd1 29. Rb7 Nf2+ 30. Kc4 d3 31. Nxd3 1-0

[Event "LYM - Open Maîtres"]
[Site "Lausanne - Casino de Montbenon"]
[Date "1999.05.13"]
[Round "2"]
[White "Spanton, Timothy"]
[Black "Tukmakov, Vladimir"]
[Result "1/2-1/2"]
[WhiteElo "2096"]
[BlackElo "2581"]
[PlyCount "57"]
[EventDate "2006.09.01"]
[SourceDate "2006.09.02"]

1. e4 c6 2. c4 d5 3. cxd5 cxd5 4. exd5 Nf6 5. Nc3 Nxd5 6. d4 e6 7. Nf3 Bb4 8.
Bd2 Nc6 9. Bd3 Nf6 10. O-O O-O 11. Qe2 Be7 12. Rad1 Nb4 13. Bb1 b6 14. Ne4 Ba6
15. Nxf6+ gxf6 16. Bxh7+ Kxh7 17. Qe4+ f5 18. Qf4 Rh8 19. Ne5 Kg8 20. Rfe1 Nd5
21. Qg3+ Kf8 22. Ng6+ fxg6 23. Qxg6 Qd6 24. Bh6+ Rxh6 25. Qxh6+ Kf7 26. Qh7+
Kf6 27. Qh6+ Kf7 28. Qh7+ Kf6 29. Qh6+ 1/2-1/2

[Event "LYM - Open Maîtres"]
[Site "Lausanne - Casino de Montbenon"]
[Date "1999.05.13"]
[Round "2"]
[White "Epishin, Vladimir"]
[Black "Seul, Georg"]
[Result "1-0"]
[WhiteElo "2578"]
[BlackElo "2441"]
[PlyCount "69"]
[EventDate "2006.09.01"]
[SourceDate "2006.09.02"]

1. d4 d6 2. g3 Nf6 3. Bg2 Nbd7 4. e4 e5 5. Ne2 g6 6. O-O Bg7 7. Nbc3 O-O 8. h3
c6 9. a4 Qc7 10. Be3 b6 11. g4 exd4 12. Bxd4 Bb7 13. f4 Rad8 14. Ng3 a6 15. h4
b5 16. g5 Ne8 17. Bxg7 Kxg7 18. Qd2 f5 19. h5 fxe4 20. hxg6 d5 21. gxh7 Kh8 22.
Nce2 Kxh7 23. axb5 axb5 24. b4 c5 25. bxc5 Qxc5+ 26. Qd4 Bc6 27. Qxc5 Nxc5 28.
g6+ Kg7 29. f5 Nc7 30. Nf4 Kf6 31. Ra7 Ke5 32. Nfh5 Rg8 33. g7 Rd7 34. f6 Rf7
35. Nf5 1-0

[Event "LYM - Open Maîtres"]
[Site "Lausanne - Casino de Montbenon"]
[Date "1999.05.13"]
[Round "2"]
[White "Wojtkiewicz, Aleksander"]
[Black "Fressinet, Laurent"]
[Result "1-0"]
[WhiteElo "2570"]
[BlackElo "2424"]
[PlyCount "77"]
[EventDate "2006.09.01"]
[SourceDate "2006.09.02"]

1. Nf3 d5 2. d4 Nf6 3. c4 c6 4. Qc2 dxc4 5. Qxc4 Bf5 6. g3 e6 7. Bg2 Be7 8. Ne5
O-O 9. Nc3 b5 10. Qb3 Qxd4 11. Bxc6 Nxc6 12. Nxc6 Qd7 13. Qxb5 Rfc8 14. Nxe7+
Qxe7 15. O-O Rab8 16. Qe5 Qb7 17. f3 Nd7 18. Qe3 Qc7 19. Qf2 Ne5 20. Nd1 Nc6
21. Bd2 e5 22. Bc3 Be6 23. Qc5 a6 24. Nf2 Nd4 25. Bxd4 Qxc5 26. Bxc5 Rxc5 27.
b3 Rc2 28. Rfe1 a5 29. Nd3 f6 30. Kf2 Bf5 31. Red1 e4 32. Ne1 Rb2 33. Ng2 exf3
34. Kxf3 Rb4 35. Ne3 Be4+ 36. Kf2 a4 37. Nc4 Rc2 38. Rd8+ Kf7 39. Rd4 1-0

[Event "LYM - Open Maîtres"]
[Site "Lausanne - Casino de Montbenon"]
[Date "1999.05.13"]
[Round "2"]
[White "Preissmann, Emmanuel"]
[Black "Hebden, Mark"]
[Result "0-1"]
[WhiteElo "2381"]
[BlackElo "2556"]
[PlyCount "104"]
[EventDate "2006.09.01"]
[SourceDate "2006.09.02"]

1. e4 e5 2. Nf3 Nc6 3. Bc4 Nf6 4. d4 exd4 5. O-O Bc5 6. e5 d5 7. exf6 dxc4 8.
Re1+ Be6 9. Ng5 Qd5 10. Nc3 Qf5 11. Nce4 O-O-O 12. g4 Qe5 13. Nxe6 fxe6 14. Bg5
Bb6 15. fxg7 Qxg7 16. Bf6 Qh6 17. g5 Qh3 18. Ng3 d3 19. c3 Rhf8 20. Qh5 Qxh5
21. Nxh5 Rd5 22. Ng3 h6 23. h4 hxg5 24. hxg5 d2 25. Red1 Ne5 26. Ne4 Ng4 27.
Rxd2 Nxf6 28. gxf6 Re5 29. Re1 Rxf6 30. Nxf6 Rxe1+ 31. Kg2 Bc5 32. Kf3 Bd6 33.
Ng4 Ra1 34. a3 b5 35. Ne3 Kb7 36. Nc2 Ra2 37. Nb4 Bxb4 38. axb4 Ra6 39. Re2 Rd6
40. Re5 c6 41. Ke2 Kb6 42. f4 a5 43. Re3 axb4 44. cxb4 c5 45. bxc5+ Kxc5 46.
Ra3 Rd4 47. Ke3 Rd1 48. Rc3 b4 49. Rc2 b3 50. Rf2 c3 51. bxc3 Kc4 52. Re2 Kxc3
0-1

[Event "LYM - Open Maîtres"]
[Site "Lausanne - Casino de Montbenon"]
[Date "1999.05.13"]
[Round "2"]
[White "Kalinitschev, Sergei"]
[Black "Huss, Andreas"]
[Result "1/2-1/2"]
[WhiteElo "2528"]
[BlackElo "2380"]
[PlyCount "52"]
[EventDate "2006.09.01"]
[SourceDate "2006.09.02"]

1. d4 e6 2. Nf3 Nf6 3. c4 b6 4. g3 Ba6 5. Qb3 c6 6. Nc3 d5 7. cxd5 cxd5 8. Ne5
Be7 9. Qa4+ Nfd7 10. Bh3 Bb7 11. O-O O-O 12. f4 f5 13. Nf3 Qe8 14. Bd2 Qh5 15.
Bg2 a6 16. Qb3 h6 17. Ne5 Kh7 18. Rac1 Qe8 19. Nb1 Qd8 20. Nxd7 Nxd7 21. Bb4
Bxb4 22. Qxb4 Nf6 23. Nc3 Bc6 24. Ne4 dxe4 25. Rxc6 Nd5 26. Qd6 Qf6 1/2-1/2

[Event "LYM - Open Maîtres"]
[Site "Lausanne - Casino de Montbenon"]
[Date "1999.05.13"]
[Round "2"]
[White "Berezovsky, Igor"]
[Black "Grigore, Georg-Gabriel"]
[Result "0-1"]
[WhiteElo "2375"]
[BlackElo "2528"]
[PlyCount "72"]
[EventDate "2006.09.01"]
[SourceDate "2006.09.02"]

1. d4 Nf6 2. Nf3 g6 3. Bg5 Bg7 4. e3 d6 5. Nbd2 O-O 6. Bc4 Nbd7 7. O-O h6 8.
Bh4 e5 9. c3 Re8 10. b4 e4 11. Ne1 g5 12. Bg3 Nf8 13. Nc2 Bf5 14. Re1 d5 15.
Be2 Ng6 16. h3 Qd7 17. c4 c6 18. b5 cxb5 19. cxb5 Bf8 20. Rb1 Rec8 21. Rb2 Bd6
22. Bxd6 Qxd6 23. Nb4 Rc3 24. Nb1 Rc7 25. a4 Nh4 26. a5 Bxh3 27. gxh3 Qe6 28.
Kh2 h5 29. Rg1 Qf5 30. Kg3 Kh7 31. Bxh5 Rc1 32. Qxc1 Nxh5+ 33. Kh2 Nf3+ 34. Kg2
Rg8 35. Nd2 Nf4+ 36. exf4 gxf4+ 0-1

[Event "LYM - Open Maîtres"]
[Site "Lausanne - Casino de Montbenon"]
[Date "1999.05.13"]
[Round "2"]
[White "Pavlovic, Milos"]
[Black "Lukasiewicz, Grzegor"]
[Result "1-0"]
[WhiteElo "2525"]
[BlackElo "2365"]
[PlyCount "61"]
[EventDate "2006.09.01"]
[SourceDate "2006.09.02"]

1. Nf3 d5 2. c4 c6 3. d4 e6 4. g3 f5 5. Bg2 Nf6 6. O-O Bd6 7. b3 Qe7 8. Qc2 O-O
9. Nc3 Bd7 10. Na4 Be8 11. Nb2 Nbd7 12. Nd3 Ng4 13. Bg5 Qf7 14. cxd5 exd5 15.
Bf4 Bxf4 16. gxf4 Qh5 17. h3 Rf6 18. hxg4 fxg4 19. Nfe5 Rh6 20. Rfd1 Nf6 21.
Qc1 Ne4 22. Qe3 Nd6 23. Qg3 Bd7 24. f3 gxf3 25. Bxf3 Qe8 26. Qg5 Bf5 27. Nf2
Kh8 28. Kg2 Rf6 29. Rh1 Nf7 30. Qh5 Bg6 31. Nxg6+ 1-0

[Event "LYM - Open Maîtres"]
[Site "Lausanne - Casino de Montbenon"]
[Date "1999.05.13"]
[Round "2"]
[White "Prié, Eric"]
[Black "Boog, Alexandre"]
[Result "1-0"]
[WhiteElo "2467"]
[BlackElo "2285"]
[PlyCount "71"]
[EventDate "2006.09.01"]
[SourceDate "2006.09.02"]

1. Nf3 Nc6 2. d4 d5 3. Bf4 Bg4 4. e3 e6 5. c4 Bb4+ 6. Nc3 Nge7 7. h3 Bh5 8. Rc1
a6 9. a3 Bd6 10. cxd5 exd5 11. Bxd6 Qxd6 12. Na4 O-O 13. Nc5 f5 14. Nxb7 Qh6
15. Be2 f4 16. exf4 Rxf4 17. O-O Bxf3 18. Bxf3 Nxd4 19. Bg4 Raf8 20. Nc5 Nef5
21. Rc3 Qd6 22. g3 Nxg3 23. Nb7 Qb6 24. Rxg3 Qxb7 25. b4 Qb6 26. Qd2 Qf6 27.
Qe3 Re4 28. Qd3 Qb6 29. Kg2 a5 30. Qc3 axb4 31. axb4 Ref4 32. Qd2 Qf6 33. Bd1
Qe5 34. Qe3 Qxe3 35. Rxe3 Nf5 36. Rb3 1-0

[Event "LYM - Open Maîtres"]
[Site "Lausanne - Casino de Montbenon"]
[Date "1999.05.13"]
[Round "2"]
[White "Conquest, Stuart"]
[Black "Gheng, Josef"]
[Result "1-0"]
[WhiteElo "2488"]
[BlackElo "2326"]
[PlyCount "71"]
[EventDate "2006.09.01"]
[SourceDate "2006.09.02"]

1. e4 c5 2. Nc3 Nc6 3. Bb5 g6 4. Bxc6 bxc6 5. f4 Bg7 6. Nf3 d6 7. O-O Nh6 8.
Qe1 O-O 9. Kh1 Rb8 10. d3 f6 11. b3 Nf7 12. d4 cxd4 13. Nxd4 Qe8 14. f5 c5 15.
Nde2 Ne5 16. Nd5 Kh8 17. Be3 Rb7 18. Rd1 Rg8 19. Ng3 Qf8 20. fxg6 Nxg6 21. Nf5
Bxf5 22. exf5 Ne5 23. Qh4 Qf7 24. Rf4 Bf8 25. Qh3 c4 26. Rh4 cxb3 27. axb3 a5
28. Rdd4 Rg5 29. Nf4 Rb4 30. Ne6 Rxd4 31. Bxd4 Rg8 32. Nd8 Qg7 33. Ne6 Qf7 34.
Nd8 Qg7 35. Bc3 Ng4 36. Rxg4 1-0

[Event "LYM - Open Maîtres"]
[Site "Lausanne - Casino de Montbenon"]
[Date "1999.05.13"]
[Round "3"]
[White "Kveinys, Aloyzas"]
[Black "Pikula, Dejan"]
[Result "1/2-1/2"]
[WhiteElo "2502"]
[BlackElo "2456"]
[PlyCount "28"]
[EventDate "2006.09.01"]
[SourceDate "2006.09.02"]

1. c4 e5 2. g3 Nc6 3. Bg2 g6 4. Nc3 Bg7 5. Rb1 a5 6. d3 Nf6 7. e3 O-O 8. Nge2
Ne7 9. b3 Re8 10. Ba3 d6 11. O-O c6 12. Ne4 Nf5 13. Qd2 d5 14. Nxf6+ Bxf6
1/2-1/2

[Event "LYM - Open Maîtres"]
[Site "Lausanne - Casino de Montbenon"]
[Date "1999.05.13"]
[Round "3"]
[White "Raeber, Markus"]
[Black "Li, Li"]
[Result "1-0"]
[WhiteElo "2283"]
[BlackElo "2075"]
[PlyCount "51"]
[EventDate "2006.09.01"]
[SourceDate "2006.09.02"]

1. e4 c5 2. Nf3 Nc6 3. d4 cxd4 4. Nxd4 e5 5. Nb5 d6 6. N1c3 a6 7. Na3 Nf6 8.
Bg5 Be7 9. Bxf6 Bxf6 10. Nc4 Be7 11. Nd5 b5 12. Nxe7 Kxe7 13. Ne3 Be6 14. c3
Qb6 15. Be2 Rhe8 16. O-O Rad8 17. Qd3 Kf8 18. a4 Na7 19. axb5 Nxb5 20. Ra4 Qc6
21. Nd5 f5 22. Nb4 Qd7 23. Rxa6 Nc7 24. Ra7 d5 25. exd5 e4 26. Qg3 1-0

[Event "LYM - Open Maîtres"]
[Site "Lausanne - Casino de Montbenon"]
[Date "1999.05.13"]
[Round "3"]
[White "Grigore, Georg-Gabriel"]
[Black "Prié, Eric"]
[Result "1/2-1/2"]
[WhiteElo "2528"]
[BlackElo "2467"]
[PlyCount "34"]
[EventDate "2006.09.01"]
[SourceDate "2006.09.02"]

1. d4 d5 2. c4 c6 3. Nc3 Nf6 4. cxd5 cxd5 5. Bf4 Nc6 6. e3 a6 7. Bd3 Bg4 8.
Nge2 e6 9. Rc1 Bd6 10. Bg5 Bh5 11. a3 Bg6 12. Nf4 Rc8 13. b4 a5 14. b5 Ne7 15.
Nxg6 hxg6 16. Bxf6 gxf6 17. Qb3 f5 1/2-1/2

[Event "LYM - Open Maîtres"]
[Site "Lausanne - Casino de Montbenon"]
[Date "1999.05.13"]
[Round "3"]
[White "Sokolov, Andrei"]
[Black "Sakalauskas, Vaidas"]
[Result "1/2-1/2"]
[WhiteElo "2567"]
[BlackElo "2450"]
[PlyCount "34"]
[EventDate "2006.09.01"]
[SourceDate "2006.09.02"]

1. e4 e6 2. d4 d5 3. Nc3 Nf6 4. Bg5 dxe4 5. Nxe4 Be7 6. Bxf6 Bxf6 7. Nf3 Nd7 8.
Bc4 O-O 9. Qe2 a6 10. O-O b5 11. Bb3 c5 12. c3 cxd4 13. Nxf6+ Qxf6 14. Nxd4 Bb7
15. Nxe6 Rae8 16. Qd2 fxe6 17. Qxd7 Bxg2 1/2-1/2

[Event "LYM - Open Maîtres"]
[Site "Lausanne - Casino de Montbenon"]
[Date "1999.05.13"]
[Round "3"]
[White "Meijers, Viesturs"]
[Black "Magem Badals, Jordi"]
[Result "1/2-1/2"]
[WhiteElo "2418"]
[BlackElo "2557"]
[PlyCount "40"]
[EventDate "2006.09.01"]
[SourceDate "2006.09.02"]

1. e4 c6 2. d4 d5 3. exd5 cxd5 4. c4 Nf6 5. Nc3 e6 6. Nf3 Bb4 7. Bd3 dxc4 8.
Bxc4 O-O 9. O-O Nbd7 10. Bg5 h6 11. Bh4 Qa5 12. Qd3 b6 13. Ne4 Be7 14. Nxf6+
Bxf6 15. d5 Nc5 16. Qc2 Bxh4 17. Nxh4 exd5 18. Bxd5 Bb7 19. Bxb7 Nxb7 20. Nf5
Rfe8 1/2-1/2

[Event "LYM - Open Maîtres"]
[Site "Lausanne - Casino de Montbenon"]
[Date "1999.05.13"]
[Round "3"]
[White "Huss, Andreas"]
[Black "Lazarev, Vladimir"]
[Result "1/2-1/2"]
[WhiteElo "2380"]
[BlackElo "2514"]
[PlyCount "43"]
[EventDate "2006.09.01"]
[SourceDate "2006.09.02"]

1. d4 Nf6 2. Nf3 c5 3. d5 d6 4. c4 b5 5. cxb5 a6 6. bxa6 g6 7. e4 Bxa6 8. Bxa6
Qa5+ 9. Bd2 Qxa6 10. Bc3 Bg7 11. Qe2 O-O 12. Nbd2 Qxe2+ 13. Kxe2 Nbd7 14. Rhc1
Ra6 15. Rc2 Rfa8 16. b3 Nh5 17. Bxg7 Nf4+ 18. Kf1 Kxg7 19. Ne1 Ne5 20. g3 Nfd3
21. Nxd3 Nxd3 22. a4 1/2-1/2

[Event "LYM - Open Maîtres"]
[Site "Lausanne - Casino de Montbenon"]
[Date "1999.05.13"]
[Round "3"]
[White "Lopez, Manuel"]
[Black "Belaz, Christian"]
[Result "0-1"]
[WhiteElo "1989"]
[BlackElo "2108"]
[PlyCount "58"]
[EventDate "2006.09.01"]
[SourceDate "2006.09.02"]

1. e4 d5 2. exd5 Nf6 3. d4 Nxd5 4. c4 Nb6 5. Nc3 e5 6. Be3 exd4 7. Bxd4 Nc6 8.
Bxb6 Qxd1+ 9. Rxd1 axb6 10. a3 Be6 11. Nb5 Bd6 12. Nxd6+ cxd6 13. Nf3 Ke7 14.
Nd4 Nxd4 15. Rxd4 Rhc8 16. Kd2 Ra4 17. Kc3 b5 18. Kb3 d5 19. Rxd5 Bxd5 20. cxd5
Rc1 21. Bxb5 Rxa3+ 22. bxa3 Rxh1 23. Be2 Rxh2 24. Bf3 Kd6 25. Kb4 Rh1 26. a4
Rf1 27. a5 Rxf2 28. Kb5 Rb2+ 29. Kc4 f5 0-1

[Event "LYM - Open Maîtres"]
[Site "Lausanne - Casino de Montbenon"]
[Date "1999.05.13"]
[Round "3"]
[White "Grabliauskas, Virginijus"]
[Black "Wojtkiewicz, Aleksander"]
[Result "1/2-1/2"]
[WhiteElo "2455"]
[BlackElo "2570"]
[PlyCount "52"]
[EventDate "2006.09.01"]
[SourceDate "2006.09.02"]

1. d4 g6 2. c4 Bg7 3. Nf3 c5 4. d5 b5 5. cxb5 a6 6. bxa6 Bxa6 7. Nc3 d6 8. e4
Bxf1 9. Kxf1 Nd7 10. g3 Qa5 11. Qc2 Bxc3 12. bxc3 Qa4 13. Qe2 Ngf6 14. c4 O-O
15. Kg2 Rfb8 16. Re1 Rb4 17. e5 dxe5 18. Nxe5 Nxe5 19. Qxe5 Rxc4 20. Qxe7 Nxd5
21. Qd6 Nb4 22. Bh6 Qc6+ 23. Qxc6 Nxc6 24. Rac1 Rxc1 25. Rxc1 Rxa2 26. Rxc5 Ra6
1/2-1/2

[Event "LYM - Open Maîtres"]
[Site "Lausanne - Casino de Montbenon"]
[Date "1999.05.13"]
[Round "3"]
[White "Cmiel, Thorsten"]
[Black "Ambrosini, Nicola"]
[Result "1-0"]
[WhiteElo "2260"]
[BlackElo "2175"]
[PlyCount "66"]
[EventDate "2006.09.01"]
[SourceDate "2006.09.02"]

1. c4 Nf6 2. Nc3 g6 3. Nf3 Bg7 4. g3 O-O 5. Bg2 d6 6. O-O e5 7. d4 Nbd7 8. Qc2
Re8 9. Rd1 c6 10. e4 exd4 11. Nxd4 a5 12. h3 Nc5 13. Bf4 Nh5 14. Be3 Nf6 15.
Nxc6 Qc7 16. Nd4 Qe7 17. Bg5 Ne6 18. Nd5 Qd8 19. Nxe6 Bxe6 20. Qd2 Bxd5 21.
exd5 Qc7 22. Rac1 Ne4 23. Bxe4 Rxe4 24. b3 Rae8 25. Re1 Qd7 26. Rxe4 Rxe4 27.
Qxa5 Qxh3 28. Re1 Qf5 29. Qd8+ Bf8 30. Rxe4 Qxe4 31. Bh6 Qe7 32. Qxf8+ Qxf8 33.
Bxf8 Kxf8 1-0

[Event "LYM - Open Maîtres"]
[Site "Lausanne - Casino de Montbenon"]
[Date "1999.05.13"]
[Round "3"]
[White "Hebden, Mark"]
[Black "Conquest, Stuart"]
[Result "1-0"]
[WhiteElo "2556"]
[BlackElo "2488"]
[PlyCount "67"]
[EventDate "2006.09.01"]
[SourceDate "2006.09.02"]

1. d4 e6 2. Nf3 Nf6 3. c3 b6 4. Bg5 Bb7 5. Nbd2 Be7 6. h4 c5 7. h5 cxd4 8. cxd4
h6 9. Bf4 d6 10. a3 Nbd7 11. e3 Rc8 12. Bd3 Qc7 13. Bg3 O-O 14. Nh4 Rfe8 15.
O-O Qb8 16. Re1 Qa8 17. e4 a6 18. Qe2 b5 19. Rad1 Qa7 20. e5 dxe5 21. dxe5 Nd5
22. Qe4 N5f6 23. Qe2 Nd5 24. Qg4 b4 25. Ne4 bxa3 26. bxa3 Nc3 27. Nxc3 Rxc3 28.
Bh7+ Kxh7 29. Rxd7 Qb6 30. Nf5 exf5 31. Qxf5+ Kg8 32. e6 fxe6 33. Qg6 Kf8 34.
Be5 1-0

[Event "LYM - Open Maîtres"]
[Site "Lausanne - Casino de Montbenon"]
[Date "1999.05.13"]
[Round "3"]
[White "Janssen, Ruud"]
[Black "Pavlovic, Milos"]
[Result "1/2-1/2"]
[WhiteElo "2445"]
[BlackElo "2525"]
[PlyCount "43"]
[EventDate "2006.09.01"]
[SourceDate "2006.09.02"]

1. Nf3 c5 2. c4 g6 3. d4 cxd4 4. Nxd4 Nc6 5. e4 Nf6 6. Nc3 d6 7. Be2 Nxd4 8.
Qxd4 Bg7 9. Bg5 O-O 10. Qd2 a6 11. O-O Be6 12. Rad1 Re8 13. b3 Nd7 14. f4 Qa5
15. Nd5 Qxd2 16. Rxd2 Bxd5 17. exd5 a5 18. a4 Bc3 19. Ra2 Bd4+ 20. Kh1 Nc5 21.
Bd1 Bf6 22. Bh6 1/2-1/2

[Event "LYM - Open Maîtres"]
[Site "Lausanne - Casino de Montbenon"]
[Date "1999.05.13"]
[Round "3"]
[White "Gallagher, Joseph"]
[Black "Jenni, Florian"]
[Result "1/2-1/2"]
[WhiteElo "2519"]
[BlackElo "2395"]
[PlyCount "61"]
[EventDate "2006.09.01"]
[SourceDate "2006.09.02"]

1. d4 Nf6 2. c4 g6 3. Nc3 Bg7 4. e4 O-O 5. Bg5 d6 6. h3 c5 7. d5 b5 8. cxb5 a6
9. a4 Qa5 10. Bd2 Nbd7 11. Nf3 axb5 12. Bxb5 Ba6 13. O-O Qb6 14. Re1 Bxb5 15.
Nxb5 Ne8 16. Bc3 Nc7 17. Bxg7 Kxg7 18. Nxc7 Qxc7 19. b4 cxb4 20. Qd4+ Kg8 21.
Qxb4 Rfb8 22. Qd2 Nc5 23. Qh6 f6 24. Nd4 Rb4 25. Nc6 Rbxa4 26. Rxa4 Rxa4 27.
Rb1 Ra8 28. Nd4 Ra4 29. Qe3 Ra8 30. Rc1 Qa7 31. Nb3 1/2-1/2

[Event "LYM - Open Maîtres"]
[Site "Lausanne - Casino de Montbenon"]
[Date "1999.05.13"]
[Round "3"]
[White "Siegel, Georg"]
[Black "Jacot, Laurent"]
[Result "0-1"]
[WhiteElo "2483"]
[BlackElo "2250"]
[PlyCount "100"]
[EventDate "2006.09.01"]
[SourceDate "2006.09.02"]

1. e4 d5 2. exd5 Qxd5 3. Nc3 Qa5 4. d4 c6 5. Bc4 Bf5 6. Nf3 e6 7. O-O Nf6 8.
Ne2 Nbd7 9. Ng3 Bg6 10. Bf4 Nd5 11. Bd2 Qc7 12. Re1 Be7 13. Bb3 O-O 14. h4 h6
15. Qc1 Rfe8 16. a3 Bf8 17. c4 N5f6 18. Bf4 Qb6 19. Bc2 Bxc2 20. Qxc2 a5 21.
Rab1 Qa6 22. Ne5 Be7 23. Ne4 Nxe4 24. Nxd7 Nd6 25. Nc5 Qxc4 26. Qxc4 Nxc4 27.
Nxb7 Ra7 28. Nc5 Bxh4 29. Rbc1 Nb6 30. Ne4 Nd5 31. Bd2 Rc8 32. Rc5 a4 33. Rec1
Ra6 34. Nd6 Rb8 35. Nc4 Bf6 36. Bc3 Rb5 37. Rxb5 cxb5 38. Ne3 Rd6 39. Rd1 h5
40. Kf1 Kh7 41. Ke2 g5 42. Kf3 Kg6 43. Nxd5 Rxd5 44. Ke4 Bd8 45. Rf1 Bb6 46. f4
f5+ 47. Kd3 gxf4 48. Rxf4 e5 49. Rh4 Kg5 50. g3 Bxd4 0-1

[Event "LYM - Open Maîtres"]
[Site "Lausanne - Casino de Montbenon"]
[Date "1999.05.13"]
[Round "3"]
[White "Maric, Alisa"]
[Black "Bu, Xiangzhi"]
[Result "1-0"]
[WhiteElo "2481"]
[BlackElo "2365"]
[PlyCount "75"]
[EventDate "2006.09.01"]
[SourceDate "2006.09.02"]

1. Nf3 Nf6 2. c4 e6 3. d4 c5 4. e3 b6 5. Nc3 Bb7 6. Bd3 Be7 7. O-O O-O 8. d5 d6
9. e4 h6 10. h3 Nbd7 11. a3 Ne5 12. Nxe5 dxe5 13. f4 exd5 14. exd5 exf4 15.
Bxf4 Bd6 16. Bc2 Bxf4 17. Rxf4 Qd6 18. Qd2 Rae8 19. Raf1 Qe5 20. Nb5 a6 21.
Rxf6 axb5 22. Rxb6 Qc7 23. Rxb5 Ba6 24. Qd3 f5 25. Rb3 g6 26. Rc3 Kg7 27. b3
Rf6 28. Qd2 Qe5 29. Rcf3 Rf7 30. Qc3 Qxc3 31. Rxc3 Re2 32. b4 cxb4 33. axb4 Rd2
34. Rd1 Rxd1+ 35. Bxd1 Re7 36. Kf2 Re4 37. b5 Bb7 38. Bf3 1-0

[Event "LYM - Open Maîtres"]
[Site "Lausanne - Casino de Montbenon"]
[Date "1999.05.13"]
[Round "3"]
[White "Fressinet, Laurent"]
[Black "Antonini, David"]
[Result "1-0"]
[WhiteElo "2424"]
[BlackElo "2195"]
[PlyCount "69"]
[EventDate "2006.09.01"]
[SourceDate "2006.09.02"]

1. e4 Nf6 2. e5 Nd5 3. d4 d6 4. Nf3 Bg4 5. Be2 c6 6. Ng5 Bf5 7. Bg4 Qd7 8. h3
dxe5 9. dxe5 Nb4 10. Qxd7+ Bxd7 11. Na3 h6 12. Ne4 Bxg4 13. hxg4 e6 14. Bd2 Nd7
15. f4 O-O-O 16. O-O-O Nc5 17. Ng5 Rg8 18. Nxf7 Rd7 19. Bxb4 Rxf7 20. Rhf1 Ne4
21. Be1 Bc5 22. g3 g5 23. f5 Rgf8 24. f6 Rd8 25. Rxd8+ Kxd8 26. Nc4 b5 27. Nd2
Nxd2 28. Bxd2 Kc7 29. Rh1 Bf8 30. Rd1 c5 31. Ba5+ Kc6 32. Rd8 c4 33. Kd2 Bc5
34. a3 Bf2 35. Rd6+ 1-0

[Event "LYM - Open Maîtres"]
[Site "Lausanne - Casino de Montbenon"]
[Date "1999.05.13"]
[Round "3"]
[White "Tukmakov, Vladimir"]
[Black "Herzog, Martin"]
[Result "1-0"]
[WhiteElo "2581"]
[BlackElo "2260"]
[PlyCount "113"]
[EventDate "2006.09.01"]
[SourceDate "2006.09.02"]

1. Nf3 Nf6 2. c4 e6 3. g3 d5 4. d4 dxc4 5. Bg2 c5 6. O-O Nc6 7. Ne5 Bd7 8. Na3
cxd4 9. Naxc4 Be7 10. Qb3 Qc8 11. Bf4 O-O 12. Rac1 Nd5 13. Nxc6 bxc6 14. Be5
Qa6 15. Bxd4 Rab8 16. Qd3 c5 17. Be5 Rb4 18. a3 Rxc4 19. Qxc4 Bb5 20. Qg4 f6
21. e4 Be2 22. Qh3 fxe5 23. exd5 Bxf1 24. Bxf1 Qb6 25. Qxe6+ Qxe6 26. dxe6 Rd8
27. Rc2 g6 28. Kg2 Kg7 29. Bc4 Rd4 30. h4 g5 31. hxg5 Bxg5 32. Ba2 Be7 33. Rc3
e4 34. Rc2 Kf6 35. Kf1 Ke5 36. Ke2 h6 37. Bc4 a5 38. b3 Bg5 39. a4 Kd6 40. Ke1
Be7 41. Kf1 Bg5 42. Re2 Ke7 43. Kg2 Kd6 44. Kh3 Ke7 45. Kg4 Rd2 46. Rxe4 Rxf2
47. Re5 Bd2 48. Rxc5 Bb4 49. Rc7+ Kd8 50. Rd7+ Ke8 51. Rh7 Rf6 52. Kh5 Bf8 53.
Bb5+ Kd8 54. Rd7+ Kc8 55. Ba6+ Kb8 56. e7 Rf5+ 57. Kh4 1-0

[Event "LYM - Open Maîtres"]
[Site "Lausanne - Casino de Montbenon"]
[Date "1999.05.13"]
[Round "3"]
[White "De la Riva, Oscar"]
[Black "Epishin, Vladimir"]
[Result "1/2-1/2"]
[WhiteElo "2495"]
[BlackElo "2578"]
[PlyCount "81"]
[EventDate "2006.09.01"]
[SourceDate "2006.09.02"]

1. e4 c5 2. Nf3 e6 3. d4 cxd4 4. Nxd4 Nc6 5. Nc3 Qc7 6. Be3 a6 7. Bd3 Nf6 8.
O-O Ne5 9. h3 Bc5 10. Na4 Ba7 11. c4 O-O 12. Rc1 Qb8 13. Nc3 d6 14. Qe2 Bd7 15.
a3 Rc8 16. Rfd1 Qc7 17. b3 Bc5 18. Qb2 Be8 19. Bf1 Qe7 20. Qa1 h6 21. Rc2 Rc7
22. Rcd2 Rac8 23. Nc2 Bc6 24. Bxc5 dxc5 25. Nd5 exd5 26. exd5 Qe8 27. Re2 Re7
28. Rde1 Ng6 29. Rxe7 Nxe7 30. dxc6 Rxc6 31. Qe5 Kf8 32. g3 b6 33. Rd1 Ng6 34.
Qf5 Re6 35. Bg2 Ne5 36. Ne3 g6 37. Qc2 Nc6 38. Bxc6 Rxc6 39. Qc3 Kg8 40. Nd5
Nxd5 41. Rxd5 1/2-1/2

[Event "LYM - Open Maîtres"]
[Site "Lausanne - Casino de Montbenon"]
[Date "1999.05.13"]
[Round "3"]
[White "Kengis, Edvins"]
[Black "Sbarra, Marco"]
[Result "1-0"]
[WhiteElo "2571"]
[BlackElo "2269"]
[PlyCount "91"]
[EventDate "2006.09.01"]
[SourceDate "2006.09.02"]

1. Nf3 d5 2. g3 Nf6 3. Bg2 Bf5 4. O-O Nbd7 5. d3 e5 6. Nbd2 Bc5 7. c4 c6 8.
cxd5 cxd5 9. d4 exd4 10. Nb3 d3 11. exd3 Be7 12. Nbd4 Bg6 13. Bf4 O-O 14. Rc1
Qb6 15. Qc2 Rfe8 16. Rfd1 Bf8 17. Nb3 h6 18. Nfd4 Qa6 19. Qc3 b6 20. Qd2 Rac8
21. Rxc8 Rxc8 22. Bh3 Re8 23. a3 Nc5 24. Nxc5 bxc5 25. Nf3 Bh5 26. Bg2 g5 27.
Bc7 Nd7 28. Re1 Rc8 29. Ba5 Qf6 30. Qe3 Qxb2 31. h4 Qxa3 32. Qd2 g4 33. Ne5 Nf6
34. Rb1 Bd6 35. Qxh6 Bxe5 36. Qg5+ Bg6 37. Qxe5 Qxd3 38. Re1 Qf5 39. Qd6 Kg7
40. Re5 Qb1+ 41. Kh2 Qa2 42. Be1 Qa1 43. Bd2 Rd8 44. Bh6+ Kxh6 45. Qxf6 Qd4 46.
Rh5+ 1-0